[Event "Tournoi norme de MI"]
[Site "PARIS"]
[Date "????.??.??"]
[Round "8.1"]
[White "Bassini, Emile"]
[Black "Roshka, Yevgeniy"]
[Result "1/2-1/2"]
[TimeControl "90mn+30s/c"]
[WhiteElo "2382"]
[BlackElo "2501"]

1. e4 {[%clk 01:30:56]} {[%emt 00:25:02]} c5 {[%clk 01:28:14]} {[%emt
00:02:43]} 2. Nf3 {[%clk 01:31:21]} {[%emt 00:00:09]} d6 {[%clk 01:28:42]}
{[%emt 00:00:04]} 3. d4 {[%clk 01:31:46]} {[%emt 00:00:04]} cxd4 {[%clk
01:29:09]} {[%emt 00:00:03]} 4. Nxd4 {[%clk 01:32:11]} {[%emt 00:00:04]} Nf6
{[%clk 01:29:36]} {[%emt 00:00:03]} 5. Nc3 {[%clk 01:32:36]} {[%emt 00:00:05]}
Nc6 {[%clk 01:30:04]} {[%emt 00:00:03]} 6. Bg5 {[%clk 01:33:00]} {[%emt
00:00:05]} e6 {[%clk 01:30:32]} {[%emt 00:00:04]} 7. Qd2 {[%clk 01:33:24]}
{[%emt 00:00:05]} a6 {[%clk 01:30:58]} {[%emt 00:00:04]} 8. O-O-O {[%clk
01:33:48]} {[%emt 00:00:05]} Bd7 {[%clk 01:31:27]} {[%emt 00:00:02]} 9. Kb1
{[%clk 01:33:39]} {[%emt 00:00:37]} Be7 {[%clk 01:26:27]} {[%emt 00:05:32]} 10.
Nxc6 {[%clk 01:34:01]} {[%emt 00:00:07]} Bxc6 {[%clk 01:26:38]} {[%emt
00:00:20]} 11. f3 {[%clk 01:34:09]} {[%emt 00:00:21]} h6 {[%clk 01:24:34]}
{[%emt 00:02:35]} 12. Be3 {[%clk 01:34:21]} {[%emt 00:00:17]} d5 {[%clk
01:19:25]} {[%emt 00:05:40]} 13. e5 {[%clk 01:32:55]} {[%emt 00:01:55]} Nd7
{[%clk 01:19:43]} {[%emt 00:00:12]} 14. f4 {[%clk 01:33:09]} {[%emt 00:00:15]}
Qa5 {[%clk 01:16:46]} {[%emt 00:03:26]} 15. h4 {[%clk 01:29:43]} {[%emt
00:03:56]} h5 {[%clk 01:13:38]} {[%emt 00:03:39]} 16. Bd4 {[%clk 01:25:35]}
{[%emt 00:04:38]} g6 {[%clk 01:13:29]} {[%emt 00:00:40]} 17. Bd3 {[%clk
01:24:10]} {[%emt 00:01:55]} O-O-O {[%clk 01:06:26]} {[%emt 00:07:33]} 18. g3
{[%clk 01:17:35]} {[%emt 00:07:04]} Kb8 {[%clk 01:03:12]} {[%emt 00:03:45]} 19.
Rhf1 {[%clk 01:11:37]} {[%emt 00:06:27]} Rc8 {[%clk 01:02:27]} {[%emt
00:01:16]} 20. Qe3 {[%clk 01:03:59]} {[%emt 00:08:08]} Ka8 {[%clk 00:59:26]}
{[%emt 00:03:31]} 21. f5 {[%clk 00:55:45]} {[%emt 00:08:44]} gxf5 {[%clk
00:59:44]} {[%emt 00:00:12]} 22. Bxf5 {[%clk 00:56:09]} {[%emt 00:00:05]} exf5
{[%clk 00:37:30]} {[%emt 00:22:45]} 23. e6 {[%clk 00:56:29]} {[%emt 00:00:10]}
Nf6 {[%clk 00:37:58]} {[%emt 00:00:02]} 24. exf7 {[%clk 00:54:52]} {[%emt
00:02:06]} Qd8 {[%clk 00:38:21]} {[%emt 00:00:08]} 25. Rxf5 {[%clk 00:41:38]}
{[%emt 00:13:43]} Rf8 {[%clk 00:38:47]} {[%emt 00:00:05]} 26. Rdf1 {[%clk
00:24:42]} {[%emt 00:17:26]} Rxf7 {[%clk 00:39:08]} {[%emt 00:00:10]} 27. Qe6
{[%clk 00:25:02]} {[%emt 00:00:09]} Rf8 {[%clk 00:36:52]} {[%emt 00:02:46]} 28.
Bxf6 {[%clk 00:23:08]} {[%emt 00:02:24]} Bd7 {[%clk 00:37:18]} {[%emt
00:00:04]} 29. Qe5 {[%clk 00:16:04]} {[%emt 00:07:34]} Bxf5 {[%clk 00:37:40]}
{[%emt 00:00:09]} 30. Bxe7 {[%clk 00:16:24]} {[%emt 00:00:10]} Re8 {[%clk
00:36:47]} {[%emt 00:01:23]} 31. Nxd5 {[%clk 00:07:19]} {[%emt 00:09:36]} Bxc2+
{[%clk 00:36:41]} {[%emt 00:00:35]} 32. Ka1 {[%clk 00:07:46]} {[%emt 00:00:02]}
Qa5 {[%clk 00:35:00]} {[%emt 00:02:13]} 33. b4 {[%clk 00:07:22]} {[%emt
00:00:54]} Rxe7 {[%clk 00:35:06]} {[%emt 00:00:25]} 34. bxa5 {[%clk 00:07:42]}
{[%emt 00:00:10]} Rxe5 {[%clk 00:35:27]} {[%emt 00:00:08]} 35. Nb6+ {[%clk
00:08:10]} {[%emt 00:00:01]} Ka7 {[%clk 00:35:15]} {[%emt 00:00:43]} 36. Nxc8+
{[%clk 00:08:25]} {[%emt 00:00:15]} Kb8 {[%clk 00:35:41]} {[%emt 00:00:04]} 37.
Rf8 {[%clk 00:08:08]} {[%emt 00:00:46]} Kc7 {[%clk 00:34:01]} {[%emt 00:02:10]}
38. Nb6 {[%clk 00:08:11]} {[%emt 00:00:26]} Bf5 {[%clk 00:32:01]} {[%emt
00:02:30]} 39. Nc4 {[%clk 00:07:35]} {[%emt 00:01:06]} Re1+ {[%clk 00:32:05]}
{[%emt 00:00:26]} 40. Kb2 {[%clk 00:07:55]} {[%emt 00:00:09]} Be6 {[%clk
00:32:31]} {[%emt 00:00:04]} 41. Rf4 {[%clk 00:07:32]} {[%emt 00:00:54]} Kc6
{[%clk 00:32:31]} {[%emt 00:00:30]} 42. Kc3 {[%clk 00:06:34]} {[%emt 00:01:27]}
Kc5 {[%clk 00:30:13]} {[%emt 00:02:49]} 43. Nb2 {[%clk 00:06:54]} {[%emt
00:00:10]} Re3+ {[%clk 00:30:10]} {[%emt 00:00:33]} 44. Nd3+ {[%clk 00:06:56]}
{[%emt 00:00:27]} Kd5 {[%clk 00:30:29]} {[%emt 00:00:12]} 45. Kd2 {[%clk
00:06:42]} {[%emt 00:00:44]} Rxg3 {[%clk 00:30:33]} {[%emt 00:00:26]} 46. Rb4
{[%clk 00:06:41]} {[%emt 00:00:31]} Kc6 {[%clk 00:30:55]} {[%emt 00:00:08]} 47.
Rb6+ {[%clk 00:07:00]} {[%emt 00:00:11]} Kd5 {[%clk 00:30:21]} {[%emt
00:01:04]} 48. Nf4+ {[%clk 00:07:23]} {[%emt 00:00:07]} Ke5 {[%clk 00:30:47]}
{[%emt 00:00:04]} 49. Nxe6 {[%clk 00:07:47]} {[%emt 00:00:06]} Rg2+ {[%clk
00:31:12]} {[%emt 00:00:06]} 50. Ke3 {[%clk 00:07:26]} {[%emt 00:00:50]} Rxa2
{[%clk 00:31:23]} {[%emt 00:00:18]} 51. Nf4 {[%clk 00:06:57]} {[%emt 00:00:59]}
Ra3+ {[%clk 00:29:27]} {[%emt 00:02:26]} 52. Nd3+ {[%clk 00:07:21]} {[%emt
00:00:05]} Kf5 {[%clk 00:29:50]} {[%emt 00:00:07]} 53. Rxb7 {[%clk 00:07:25]}
{[%emt 00:00:26]} Kg4 {[%clk 00:30:17]} {[%emt 00:00:04]} 54. Rb4+ {[%clk
00:03:03]} {[%emt 00:04:51]} Kg3 {[%clk 00:30:45]} {[%emt 00:00:02]} 55. Rb6
{[%clk 00:02:49]} {[%emt 00:00:44]} Ra2 {[%emt 00:00:16]} 1/2-1/2

[Event "Tournoi norme de MI"]
[Site "PARIS"]
[Date "????.??.??"]
[Round "8.4"]
[White "Lazo, Andrei"]
[Black "Duboue, Peio"]
[Result "0-1"]
[TimeControl "90mn+30s/c"]
[WhiteElo "2212"]
[BlackElo "2462"]

1. d4 {[%clk 01:30:58]} {[%emt 00:00:01]} d5 {[%clk 01:30:58]} {[%emt
00:00:03]} 2. c4 {[%clk 01:31:23]} {[%emt 00:00:05]} dxc4 {[%clk 01:31:26]}
{[%emt 00:00:03]} 3. Nf3 {[%clk 01:31:46]} {[%emt 00:00:05]} Nf6 {[%clk
01:31:53]} {[%emt 00:00:03]} 4. e3 {[%clk 01:32:11]} {[%emt 00:00:05]} e6
{[%clk 01:32:21]} {[%emt 00:00:03]} 5. Bxc4 {[%clk 01:32:35]} {[%emt 00:00:06]}
c5 {[%clk 01:32:49]} {[%emt 00:00:01]} 6. O-O {[%clk 01:32:57]} {[%emt
00:00:08]} Nc6 {[%clk 01:33:17]} {[%emt 00:00:02]} 7. dxc5 {[%clk 01:33:05]}
{[%emt 00:00:22]} Qxd1 {[%clk 01:33:42]} {[%emt 00:00:05]} 8. Rxd1 {[%clk
01:33:31]} {[%emt 00:00:04]} Bxc5 {[%clk 01:34:07]} {[%emt 00:00:05]} 9. a3
{[%clk 01:33:50]} {[%emt 00:00:11]} O-O {[%clk 01:34:32]} {[%emt 00:00:06]} 10.
b4 {[%clk 01:34:17]} {[%emt 00:00:03]} Be7 {[%clk 01:34:59]} {[%emt 00:00:03]}
11. Bb2 {[%clk 01:34:41]} {[%emt 00:00:07]} Bd7 {[%clk 01:32:08]} {[%emt
00:03:22]} 12. Nbd2 {[%clk 01:34:58]} {[%emt 00:00:13]} Rfd8 {[%clk 01:29:00]}
{[%emt 00:03:37]} 13. Rac1 {[%clk 01:35:15]} {[%emt 00:00:12]} Be8 {[%clk
01:29:06]} {[%emt 00:00:24]} 14. Be2 {[%clk 01:35:04]} {[%emt 00:00:41]} Rac8
{[%clk 01:27:08]} {[%emt 00:02:28]} 15. Nb3 {[%clk 01:34:46]} {[%emt 00:00:49]}
Rxd1+ {[%clk 01:13:34]} {[%emt 00:14:05]} 16. Bxd1 {[%clk 01:34:53]} {[%emt
00:00:23]} Ra8 {[%clk 01:07:32]} {[%emt 00:06:32]} 17. Be2 {[%clk 01:29:31]}
{[%emt 00:05:52]} Nd5 {[%clk 01:06:02]} {[%emt 00:02:00]} 18. Kf1 {[%clk
01:29:32]} {[%emt 00:00:29]} Kf8 {[%clk 01:03:13]} {[%emt 00:03:18]} 19. g3
{[%clk 01:25:25]} {[%emt 00:04:37]} Nb6 {[%clk 00:50:01]} {[%emt 00:13:42]} 20.
Nc5 {[%clk 01:21:28]} {[%emt 00:04:27]} Bxc5 {[%clk 00:46:56]} {[%emt
00:03:36]} 21. bxc5 {[%clk 01:19:51]} {[%emt 00:02:07]} Na4 {[%clk 00:44:14]}
{[%emt 00:03:12]} 22. Ba1 {[%clk 01:20:06]} {[%emt 00:00:15]} Na5 {[%clk
00:40:21]} {[%emt 00:04:22]} 23. Bd1 {[%clk 01:17:43]} {[%emt 00:02:53]} Rc8
{[%clk 00:38:24]} {[%emt 00:02:27]} 24. Bd4 {[%clk 01:08:45]} {[%emt 00:09:28]}
Bb5+ {[%clk 00:31:59]} {[%emt 00:06:55]} 25. Ke1 {[%clk 01:00:53]} {[%emt
00:08:21]} f6 {[%clk 00:31:29]} {[%emt 00:01:01]} 26. e4 {[%clk 00:58:25]}
{[%emt 00:02:58]} e5 {[%clk 00:31:17]} {[%emt 00:00:42]} 27. Bxa4 {[%clk
00:56:21]} {[%emt 00:02:34]} Bxa4 {[%clk 00:31:41]} {[%emt 00:00:06]} 28. Be3
{[%clk 00:56:39]} {[%emt 00:00:12]} Rd8 {[%clk 00:28:38]} {[%emt 00:03:33]} 29.
Bd2 {[%clk 00:44:20]} {[%emt 00:12:50]} Nb3 {[%clk 00:27:59]} {[%emt 00:01:09]}
30. Rc3 {[%clk 00:39:02]} {[%emt 00:05:48]} Ke8 {[%clk 00:25:56]} {[%emt
00:02:34]} 31. Be3 {[%clk 00:36:32]} {[%emt 00:02:59]} Na1 {[%clk 00:24:32]}
{[%emt 00:01:54]} 32. Nd2 {[%clk 00:26:31]} {[%emt 00:10:31]} Nc2+ {[%clk
00:24:13]} {[%emt 00:00:50]} 33. Ke2 {[%clk 00:26:54]} {[%emt 00:00:07]} Bb5+
{[%clk 00:23:32]} {[%emt 00:01:11]} 34. Kd1 {[%clk 00:26:57]} {[%emt 00:00:26]}
Nxe3+ {[%clk 00:23:02]} {[%emt 00:01:01]} 35. fxe3 {[%clk 00:26:36]} {[%emt
00:00:51]} Kd7 {[%clk 00:20:57]} {[%emt 00:02:35]} 36. Kc1 {[%clk 00:25:20]}
{[%emt 00:01:47]} Kc7 {[%clk 00:19:37]} {[%emt 00:01:50]} 37. Kc2 {[%clk
00:22:13]} {[%emt 00:03:36]} Ba4+ {[%clk 00:20:00]} {[%emt 00:00:08]} 38. Kc1
{[%clk 00:22:02]} {[%emt 00:00:41]} Bb5 {[%clk 00:20:10]} {[%emt 00:00:21]} 39.
Kc2 {[%clk 00:22:26]} {[%emt 00:00:06]} Kc6 {[%clk 00:20:25]} {[%emt 00:00:15]}
40. Nc4 {[%clk 00:21:13]} {[%emt 00:01:43]} Ba4+ {[%clk 00:15:41]} {[%emt
00:05:14]} 41. Kb2 {[%clk 00:21:37]} {[%emt 00:00:06]} Rd1 {[%clk 00:15:39]}
{[%emt 00:00:33]} 42. Na5+ {[%clk 00:17:14]} {[%emt 00:04:53]} Kc7 {[%clk
00:15:45]} {[%emt 00:00:23]} 43. Rc4 {[%clk 00:17:39]} {[%emt 00:00:05]} Bc6
{[%clk 00:14:30]} {[%emt 00:01:46]} 44. Nxc6 {[%clk 00:17:25]} {[%emt
00:00:44]} Kxc6 {[%clk 00:14:56]} {[%emt 00:00:04]} 45. Ra4 {[%clk 00:17:41]}
{[%emt 00:00:14]} Rd2+ {[%clk 00:13:31]} {[%emt 00:01:55]} 46. Kc3 {[%clk
00:17:54]} {[%emt 00:00:17]} Rxh2 {[%clk 00:13:58]} {[%emt 00:00:03]} 47. Rxa7
{[%clk 00:18:13]} {[%emt 00:00:10]} Rg2 {[%clk 00:14:21]} {[%emt 00:00:07]} 48.
Ra8 {[%clk 00:18:17]} {[%emt 00:00:27]} Kxc5 {[%clk 00:14:31]} {[%emt
00:00:20]} 49. Rc8+ {[%clk 00:17:42]} {[%emt 00:01:04]} Kb6 {[%clk 00:14:32]}
{[%emt 00:00:29]} 50. Kd4 {[%clk 00:14:45]} {[%emt 00:01:20]} 0-1



[ePGN "0.1;DGT LiveChess/2.2.5"]

[Event "Tournoi norme de MI"]
[Site "PARIS"]
[Date "????.??.??"]
[Round "9.4"]
[White "Vlachos, Anatole"]
[Black "Lazo, Andrei"]
[Result "1-0"]
[TimeControl "90mn+30s/c"]
[WhiteElo "2430"]
[BlackElo "2212"]

1. Nf3 {[%emt 14:56:14]} Nf6 {[%emt 00:00:05]} 2. g3 {[%emt 00:00:04]} b5
{[%emt 00:00:03]} 3. a4 {[%emt 00:00:06]} b4 4. Bg2 {[%emt 00:00:04]} Bb7
{[%emt 00:00:03]} 5. O-O {[%emt 00:00:05]} e6 {[%emt 00:00:10]} 6. d3 {[%emt
00:00:03]} Be7 {[%emt 00:00:04]} 7. e4 {[%emt 00:00:07]} d5 {[%emt 00:00:02]} 8.
e5 {[%emt 00:00:05]} Nfd7 {[%emt 00:00:02]} 9. h4 {[%emt 00:00:04]} h6 {[%emt
00:00:02]} 10. h5 {[%emt 00:00:06]} c5 {[%emt 00:00:02]} 11. Re1 {[%emt
00:00:09]} Nc6 {[%emt 00:00:03]} 12. c4 {[%emt 00:00:10]} d4 {[%emt 00:00:01]}
13. Bf4 {[%emt 00:00:02]} Qc7 {[%emt 00:00:08]} 14. Nbd2 {[%emt 00:00:04]}
O-O-O {[%emt 00:00:06]} 15. Ne4 {[%emt 00:00:12]} Nf8 {[%emt 00:00:07]} 16.
Nd6+ {[%emt 00:01:08]} Bxd6 {[%emt 00:00:02]} 17. exd6 {[%emt 00:00:09]} Qd7
{[%emt 00:00:01]} 18. a5 {[%emt 00:00:15]} a6 {[%emt 00:00:04]} 19. Ne5 {[%emt
00:00:09]} Nxe5 {[%emt 00:00:15]} 20. Rxe5 {[%emt 00:00:17]} Qxd6 {[%emt
00:00:04]} 21. Rg5 {[%emt 00:00:17]} Qe7 {[%emt 00:00:07]} 22. Bxb7+ {[%emt
00:00:07]} Kxb7 {[%emt 00:00:30]} 23. Qf3+ {[%emt 00:00:11]} Ka7 {[%emt
00:00:02]} 24. Rxg7 {[%emt 00:00:09]} Nd7 {[%emt 00:00:09]} 25. Rxf7 {[%emt
00:01:03]} Qxf7 {[%emt 00:00:10]} 26. Bb8+ {[%emt 00:00:07]} Kxb8 {[%emt
00:00:20]} 27. Qxf7 {[%emt 00:00:06]} e5 {[%emt 00:00:08]} 28. Re1 {[%emt
00:00:01]} Rhf8 {[%emt 00:00:06]} 29. Qe7 {[%emt 00:00:06]} Kc8 {[%emt
00:00:01]} 30. Rxe5 {[%emt 00:00:07]} Nxe5 {[%emt 00:00:10]} 31. Qxc5+ {[%emt
00:00:04]} Kb7 {[%emt 00:00:06]} 32. Qxe5 {[%emt 00:00:04]} Rd7 {[%emt
00:00:14]} 33. Qe6 {[%emt 00:00:08]} Rdf7 34. Qb6+ {[%emt 00:00:04]} Kc8 {[%emt
00:00:03]} 35. Qxa6+ {[%emt 00:00:06]} Kd7 {[%emt 00:00:03]} 36. Qa7+ {[%emt
00:00:04]} Kc6 {[%emt 00:00:07]} 37. Qb6+ {[%emt 00:00:07]} 1-0

[Event "Tournoi norme de MI"]
[Site "PARIS"]
[Date "????.??.??"]
[Round "9.1"]
[White "Duboue, Peio"]
[Black "Navrotescu, Andreea"]
[Result "1-0"]
[TimeControl "90mn+30s/c"]
[WhiteElo "2462"]
[BlackElo "2228"]

1. e4 {[%clk 01:27:12]} {[%emt 00:03:45]} c5 {[%clk 01:30:54]} {[%emt
00:00:06]} 2. c3 {[%clk 01:25:35]} {[%emt 00:02:08]} Nf6 {[%clk 01:31:15]}
{[%emt 00:00:09]} 3. e5 {[%clk 01:26:01]} {[%emt 00:00:04]} Nd5 {[%clk
01:31:41]} {[%emt 00:00:04]} 4. Bc4 {[%clk 01:25:11]} {[%emt 00:01:20]} Nb6
{[%clk 01:31:31]} {[%emt 00:00:40]} 5. Bb3 {[%clk 01:25:36]} {[%emt 00:00:05]}
c4 {[%clk 01:30:49]} {[%emt 00:01:12]} 6. Bc2 {[%clk 01:26:00]} {[%emt
00:00:05]} d6 {[%clk 01:31:02]} {[%emt 00:00:17]} 7. exd6 {[%clk 01:15:22]}
{[%emt 00:11:08]} Qxd6 {[%clk 01:31:12]} {[%emt 00:00:19]} 8. d4 {[%clk
01:13:17]} {[%emt 00:02:35]} cxd3 {[%clk 01:31:05]} {[%emt 00:00:38]} 9. Qxd3
{[%clk 01:13:43]} {[%emt 00:00:04]} Qxd3 {[%clk 01:30:30]} {[%emt 00:01:05]} 10.
Bxd3 {[%clk 01:14:09]} {[%emt 00:00:04]} Nc6 {[%clk 01:28:49]} {[%emt
00:02:11]} 11. Na3 {[%clk 01:13:59]} {[%emt 00:00:40]} Bg4 {[%clk 01:16:29]}
{[%emt 00:12:50]} 12. Be3 {[%clk 01:05:52]} {[%emt 00:08:36]} Nd5 {[%clk
01:11:11]} {[%emt 00:05:49]} 13. Be2 {[%clk 01:04:05]} {[%emt 00:02:16]} Nxe3
{[%clk 01:10:46]} {[%emt 00:00:56]} 14. fxe3 {[%clk 01:04:31]} {[%emt
00:00:04]} Bd7 {[%clk 01:09:46]} {[%emt 00:01:29]} 15. Nf3 {[%clk 01:04:37]}
{[%emt 00:00:24]} e5 {[%clk 01:09:49]} {[%emt 00:00:28]} 16. Nc4 {[%clk
00:49:11]} {[%emt 00:15:55]} f6 {[%clk 01:09:40]} {[%emt 00:00:38]} 17. O-O-O
{[%clk 00:45:51]} {[%emt 00:03:50]} Be6 {[%clk 01:09:28]} {[%emt 00:00:42]} 18.
a4 {[%clk 00:42:19]} {[%emt 00:04:03]} Bc5 {[%clk 01:06:50]} {[%emt 00:03:08]}
19. Nfd2 {[%clk 00:39:07]} {[%emt 00:03:42]} a5 {[%clk 00:49:21]} {[%emt
00:18:00]} 20. Rhe1 {[%clk 00:39:28]} {[%emt 00:00:08]} Ke7 {[%clk 00:49:00]}
{[%emt 00:00:51]} 21. Ne4 {[%clk 00:38:25]} {[%emt 00:01:32]} Ba7 {[%clk
00:48:05]} {[%emt 00:01:25]} 22. Ned6 {[%clk 00:38:08]} {[%emt 00:00:46]} Rab8
{[%clk 00:43:00]} {[%emt 00:05:36]} 23. Rd2 {[%clk 00:22:49]} {[%emt 00:15:49]}
Rhd8 {[%clk 00:39:51]} {[%emt 00:03:39]} 24. Red1 {[%clk 00:23:10]} {[%emt
00:00:09]} Rd7 {[%clk 00:36:21]} {[%emt 00:04:01]} 25. e4 {[%clk 00:09:21]}
{[%emt 00:14:18]} Rbd8 {[%clk 00:36:22]} {[%emt 00:00:28]} 26. Nf5+ {[%clk
00:04:59]} {[%emt 00:04:52]} Bxf5 {[%clk 00:28:56]} {[%emt 00:07:57]} 27. exf5
{[%clk 00:05:28]} {[%emt 00:00:02]} Rxd2 {[%clk 00:27:37]} {[%emt 00:01:48]} 28.
Rxd2 {[%clk 00:05:57]} {[%emt 00:00:01]} Rc8 {[%clk 00:16:05]} {[%emt
00:12:02]} 29. Kb1 {[%clk 00:05:05]} {[%emt 00:01:22]} Bg1 {[%clk 00:15:58]}
{[%emt 00:00:38]} 30. h3 {[%clk 00:05:27]} {[%emt 00:00:08]} b6 {[%clk
00:15:24]} {[%emt 00:01:04]} 31. Nd6 {[%clk 00:04:08]} {[%emt 00:01:48]} Rd8
{[%clk 00:14:46]} {[%emt 00:01:08]} 32. Ne4 {[%clk 00:04:37]} {[%emt 00:00:01]}
g6 {[%clk 00:13:28]} {[%emt 00:01:48]} 33. g4 {[%clk 00:04:26]} {[%emt
00:00:41]} gxf5 {[%clk 00:13:24]} {[%emt 00:00:34]} 34. gxf5 {[%clk 00:04:54]}
{[%emt 00:00:02]} Rxd2 {[%clk 00:11:49]} {[%emt 00:02:05]} 35. Nxd2 {[%clk
00:05:22]} {[%emt 00:00:02]} Kf7 {[%clk 00:12:02]} {[%emt 00:00:16]} 36. Kc2
{[%clk 00:05:40]} {[%emt 00:00:13]} Ne7 {[%clk 00:12:18]} {[%emt 00:00:15]} 37.
Bc4+ {[%clk 00:05:39]} {[%emt 00:00:30]} Kg7 {[%clk 00:12:29]} {[%emt
00:00:19]} 38. Be6 {[%clk 00:06:08]} {[%emt 00:00:02]} Nc6 {[%clk 00:11:07]}
{[%emt 00:01:52]} 39. Ne4 {[%clk 00:05:41]} {[%emt 00:00:57]} Nd8 {[%clk
00:11:23]} {[%emt 00:00:15]} 40. Bd5 {[%clk 00:05:57]} {[%emt 00:00:13]} Nf7
{[%clk 00:11:33]} {[%emt 00:00:20]} 41. Bxf7 {[%clk 00:05:38]} {[%emt
00:00:48]} Kxf7 {[%clk 00:12:00]} {[%emt 00:00:02]} 42. Kd3 {[%clk 00:05:58]}
{[%emt 00:00:11]} Ke7 {[%clk 00:11:58]} {[%emt 00:00:33]} 43. Kc4 {[%clk
00:06:13]} {[%emt 00:00:15]} Be3 {[%clk 00:12:09]} {[%emt 00:00:19]} 44. b4
{[%clk 00:05:22]} {[%emt 00:01:21]} axb4 {[%clk 00:12:05]} {[%emt 00:00:35]} 45.
cxb4 {[%clk 00:05:46]} {[%emt 00:00:06]} Bg1 {[%clk 00:11:21]} {[%emt
00:01:14]} 46. Kd5 {[%clk 00:05:41]} {[%emt 00:00:36]} Kf7 {[%clk 00:10:56]}
{[%emt 00:00:55]} 47. a5 {[%clk 00:06:02]} {[%emt 00:00:09]} bxa5 {[%clk
00:11:21]} {[%emt 00:00:05]} 48. bxa5 {[%clk 00:06:28]} {[%emt 00:00:04]} Ba7
{[%clk 00:11:42]} {[%emt 00:00:09]} 49. Nd6+ {[%clk 00:06:32]} {[%emt
00:00:26]} Kg7 {[%clk 00:11:59]} {[%emt 00:00:13]} 50. Ke6 {[%clk 00:06:54]}
{[%emt 00:00:07]} Bd4 {[%clk 00:10:57]} {[%emt 00:01:33]} 51. Ne4 {[%clk
00:06:54]} {[%emt 00:00:30]} Kh6 {[%clk 00:10:54]} {[%emt 00:00:33]} 52. Kxf6
{[%clk 00:07:09]} {[%emt 00:00:14]} 1-0

[Event "Tournoi norme de MI"]
[Site "PARIS"]
[Date "????.??.??"]
[Round "9.5"]
[White "Roshka, Yevgeniy"]
[Black "Willems, Niels"]
[Result "1/2-1/2"]
[TimeControl "90mn+30s/c"]
[WhiteElo "2501"]
[BlackElo "2337"]

1. d4 {[%clk 01:30:39]} {[%emt 00:00:16]} Nf6 {[%clk 01:27:15]} {[%emt
00:03:49]} 2. c4 {[%clk 01:30:53]} {[%emt 00:00:16]} e6 {[%clk 01:27:34]}
{[%emt 00:00:11]} 3. g3 {[%clk 01:31:08]} {[%emt 00:00:15]} d5 {[%clk
01:27:50]} {[%emt 00:00:13]} 4. Nf3 {[%clk 01:31:34]} {[%emt 00:00:05]} dxc4
{[%clk 01:28:03]} {[%emt 00:00:17]} 5. Bg2 {[%clk 01:32:01]} {[%emt 00:00:03]}
c5 {[%clk 01:28:16]} {[%emt 00:00:16]} 6. O-O {[%clk 01:32:27]} {[%emt
00:00:05]} Nc6 {[%clk 01:28:35]} {[%emt 00:00:11]} 7. Qa4 {[%clk 01:32:51]}
{[%emt 00:00:07]} Bd7 {[%clk 01:28:43]} {[%emt 00:00:21]} 8. Qxc4 {[%clk
01:33:17]} {[%emt 00:00:05]} b5 {[%clk 01:28:54]} {[%emt 00:00:19]} 9. Qd3
{[%clk 01:33:37]} {[%emt 00:00:10]} c4 {[%clk 01:29:09]} {[%emt 00:00:14]} 10.
Qc2 {[%clk 01:18:44]} {[%emt 00:15:24]} Rc8 {[%clk 01:28:37]} {[%emt 00:01:01]}
11. Nc3 {[%clk 01:17:17]} {[%emt 00:01:57]} Be7 {[%clk 01:27:09]} {[%emt
00:01:57]} 12. Rd1 {[%clk 01:15:27]} {[%emt 00:02:20]} Qb6 {[%clk 01:12:25]}
{[%emt 00:15:14]} 13. Bf4 {[%clk 00:57:17]} {[%emt 00:18:40]} Nb4 {[%clk
01:08:49]} {[%emt 00:04:06]} 14. Qd2 {[%clk 00:56:03]} {[%emt 00:01:44]} Bc6
{[%clk 01:06:49]} {[%emt 00:02:30]} 15. Be5 {[%clk 00:46:23]} {[%emt 00:10:11]}
Nbd5 {[%clk 01:02:28]} {[%emt 00:04:50]} 16. Ng5 {[%clk 00:41:16]} {[%emt
00:05:38]} 1/2-1/2